000
00240nam a2200097Ia 4500
008
120527s9999 xx 000 0 und d
100
_a
Olopade D. O.
245
_a
Prof. Buba Garegy Bajoga. A born Administrator.
260
_b
UP
942
_c
BK
999
_c
19178
_d
19178